| Tag |
First Indicator |
Second Indicator |
Subfields |
| LEADER |
00000cam a2200000Ii 4500 |
| 001 |
in00004400621 |
| 005 |
20210422122853.0 |
| 006 |
m o d |
| 007 |
cr ||||||||||| |
| 008 |
200926s2020 enk ob 001 0 eng d |
| 020 |
|
|
|a 9781785275067
|q electronic book
|
| 020 |
|
|
|a 1785275062
|q electronic book
|
| 020 |
|
|
|a 9781785275074
|q electronic book
|
| 020 |
|
|
|a 1785275070
|q electronic book
|
| 020 |
|
|
|z 9781785275050
|
| 020 |
|
|
|z 1785275054
|
| 024 |
8 |
|
|a 99986537249
|
| 035 |
|
|
|a (NhCcYBP)ybp16978407
|
| 037 |
|
|
|a 22573/ctv170p67q
|b JSTOR
|
| 040 |
|
|
|a NhCcYBP
|c NhCcYBP
|d UtOrBLW
|
| 050 |
|
4 |
|a PN4784.S6
|b D85 2020
|
| 082 |
0 |
4 |
|a 070.449796
|2 23
|
| 100 |
1 |
|
|a Duncan, Sam,
|e author.
|0 http://id.loc.gov/authorities/names/no2009146817
|
| 245 |
1 |
4 |
|a The digital world of sport :
|b the impact of emerging media on sports news, information and journalism /
|c Sam Duncan.
|
| 264 |
|
1 |
|a London :
|b Anthem Press, an imprint of Wimbledon Publishing Company,
|c 2020.
|
| 300 |
|
|
|a 1 online resource.
|
| 336 |
|
|
|a text
|b txt
|2 rdacontent
|
| 337 |
|
|
|a computer
|b c
|2 rdamedia
|
| 338 |
|
|
|a online resource
|b cr
|2 rdacarrier
|
| 490 |
0 |
|
|a Anthem studies in emerging media and society
|
| 504 |
|
|
|a Includes bibliographical references and index.
|
| 505 |
0 |
|
|a Introduction -- An online world -- New media, new players -- New ways of watching sport -- A voice of their own -- Athletes as activists -- Strained relationships, outrage, anger and emotion -- New forms of sports journalism -- The future of sports media : a new reality -- Issues and implications for journalism in the digital world -- Conclusion.
|
| 588 |
|
|
|a Description based on online resource; title from electronic title page (ProQuest Ebook Central, viewed on November 6, 2020).
|
| 500 |
|
|
|a Electronic resource.
|
| 650 |
|
0 |
|a Sports journalism.
|0 http://id.loc.gov/authorities/subjects/sh85126946
|
| 650 |
|
0 |
|a Digital media.
|0 http://id.loc.gov/authorities/subjects/sh98006600
|
| 650 |
|
0 |
|a Social media.
|0 http://id.loc.gov/authorities/subjects/sh2006007023
|
| 655 |
|
7 |
|a Electronic books.
|2 local
|
| 710 |
2 |
|
|a EBSCOhost.
|
| 776 |
1 |
8 |
|i Print version:
|a Duncan, Sam.
|t The digital world of sport.
|d London : Anthem Press, an imprint of Wimbledon Publishing Company, 2020.
|z 9781785275050
|
| 856 |
4 |
0 |
|u http://proxy.library.tamu.edu/login?url=https://search.ebscohost.com/login.aspx?direct=true&scope=site&db=nlebk&db=nlabk&AN=2632875
|z Connect to the full text of this electronic book
|t 0
|
| 945 |
|
|
|b 775920
|
| 955 |
|
|
|a YBP purchased EBSCO DDA e-records
|
| 999 |
f |
f |
|s 34c6b547-ace2-3329-85b1-541759c10b98
|i 3a67bc05-a621-356e-ba43-83720de623c5
|t 0
|
| 952 |
f |
f |
|a Texas A&M University
|b College Station
|c Electronic Resources
|d Available Online
|t 0
|e PN4784.S6 D85 2020
|h Library of Congress classification
|
| 998 |
f |
f |
|a PN4784.S6 D85 2020
|t 0
|l Available Online
|